书目信息 |
| 题名: |
奇妙的地球资源
|
|
| 作者: | 李俊 改编 | |
| 分册: | ||
| 出版信息: | 上海 上海科学普及出版社 2019 |
|
| 页数: | 200页 | |
| 开本: | 23cm | |
| 丛书名: | 玩转地理 | |
| 单 册: | ||
| 中图分类: | X37-49 | |
| 科图分类: | ||
| 主题词: | 自然资源--青少年读物 | |
| 电子资源: | ||
| ISBN: | 978-7-5427-7456-9 | |
| 000 | 00652oam2 2200241 450 | |
| 001 | 202019138226 | |
| 005 | 20191026133322.0 | |
| 010 | @a978-7-5427-7456-9@dCNY29.50 | |
| 100 | @a20191025d2019 cd y0chiy50 ea | |
| 101 | 0 | @achi |
| 102 | @aCN@b310000 | |
| 105 | @aa z 000yy | |
| 106 | @ar | |
| 200 | 1 | @a奇妙的地球资源@9qi miao de di qiu zi yuan@f李俊改编 |
| 210 | @a上海@c上海科学普及出版社@d2019 | |
| 215 | @a200页@c图@d23cm | |
| 225 | 2 | @a玩转地理 |
| 410 | 0 | @12001 @a玩转地理 |
| 606 | 0 | @a自然资源@j青少年读物 |
| 690 | @aX37-49@v5 | |
| 701 | 0 | @a李俊@9Li Jun@4改编 |
| 801 | 0 | @aCN@c20190905 |
| 905 | @a河南城建学院图书馆@dX37-49@eL185 | |
| 奇妙的地球资源/李俊改编.-上海:上海科学普及出版社,2019 |
| 200页:图;23cm.-(玩转地理) |
| ISBN 978-7-5427-7456-9:CNY29.50 |
| ● |
| 相关链接 |
|
|
|
正题名:奇妙的地球资源
索取号:X37-49/L185
 
预约/预借
| 序号 | 登录号 | 条形码 | 馆藏地/架位号 | 状态 | 备注 |
| 1 | 1456356 | 214563569 | 自科库501/501自科库 67排1列4层/ [索取号:X37-49/L185] | 在馆 | |
| 2 | 1456357 | 214563578 | 自科库501/501自科库 67排1列4层/ [索取号:X37-49/L185] | 在馆 |